| 000 | 00390nam a2200145Ia 4500 | ||
|---|---|---|---|
| 008 | 230917s9999||||xx |||||||||||||| ||und|| | ||
| 040 |
_e112278 _aMAIN |
||
| 041 | _aEnglish | ||
| 082 | _a583.74 U3A | ||
| 100 | _aUsha | ||
| 245 | 0 | _aAmmonia assimilation in relation to praline accumulation in salf stressed mungbean | |
| 260 |
_aRohtak _bM.D.U _c2004 |
||
| 300 | _a158p. p. | ||
| 942 | _cBK | ||
| 999 |
_c124530 _d124530 |
||